000 01854nam a2200529 i 4500
001 1941
003 KOSZ 005
005 20220428114445.0
008 990421s1983 pl a f |001 0 pol
015 _aUWD 1983/7348
020 _a8301040726
020 _a8301040734
035 _a991009961829705066
035 _a(PL-WaBN)b12718907-48omnis_nlop
035 _ab12718907
035 _a(OCoLC)830201704
035 _a(PL)b0000001271890
035 _a(EXLNZ-48OMNIS_NETWORK)9910216832705606
040 _aWA N
_cWA N
_dKOSZ 005/HR
041 1 _apol
_heng
046 _k1963
080 _a53
080 _a(07)
100 1 _aHalliday, David
_d(1916-2010)
_eAutor
245 1 0 _aFizyka.
_nT. 1 /
_cDavid Halliday, Robert Resnick ; [z ang. tł. Wojciech Ratyński, Teresa Kaniowska].
246 1 _iTyt. oryg.:
_aPhysics
250 _aWyd. 7 zm.
260 _aWarszawa :
_bPaństwowe Wydawnictwo Naukowe,
_c1983.
300 _a701, [2] s. :
_bfot., rys., wykr. ;
_c24 cm.
336 _aTekst
_btxt
_2rdacontent
337 _aBez urządzenia pośredniczącego
_bn
_2rdamedia
338 _aWolumin
_bnc
_2rdacarrier
380 _aKsiążki
388 _a1901-2000
500 _aWyd. poprz. pod hasłem i tyt.: Resnick Robert, Halliday David : Fizyka dla studentów nauk przyrodniczych i technicznych.
504 _aIndeksy.
650 7 _aFizyka
_2DBN
655 7 _aPodręcznik
_2DBN
658 _aFizyka i astronomia
700 1 _aKaniowska, Teresa
_eTłumaczenie
700 1 _aRatyński, Wojciech
_d(1932-2007)
_eTłumaczenie
700 1 _aResnick, Robert
_d(1923-2014)
_eAutor
710 2 _aPaństwowe Wydawnictwo Naukowe
856 _uhttp://koha.tu.koszalin.pl/cgi-bin/koha/opac-detail.pl?biblionumber=1941
_yKatalog online BPK
942 _2UKD
_cKS
999 _c1941
_d1941